| 000 | 02407cam a22004934i 4500 | ||
|---|---|---|---|
| 003 | PE-LiUPU | ||
| 005 | 20250731165458.0 | ||
| 008 | 150623s r 000 0 d | ||
| 035 | _a(Sirsi) a21861 | ||
| 035 | _a(Sirsi) a21861 | ||
| 040 |
_aPE-LiUPU _bspa _cPE-LiUPU _erda |
||
| 082 | 0 | 4 |
_a221.077 _bBS _221 |
| 245 | 0 | 4 |
_aThe pentateuch. _n39 / _cEditado por John Rogerson. |
| 264 | 1 |
_aSheffield, Great Britain : _b1996. |
|
| 300 |
_a371 páginas ; _c23 cm. |
||
| 336 |
_atext _2rdacontent |
||
| 337 |
_aunmediated _2rdamedia |
||
| 338 |
_avolume _2rdacarrier |
||
| 490 | 0 | _aThe Biblical Seminar, 39. A Shefield Reader | |
| 504 | _aBibliografía al pie de páginas. | ||
| 505 | 0 | _aThe 'Yahwist' as theologian? the dilemma of pentateuchal criticism. -In search of New Approaches in Pentateuchal research. -The Background of the Patriarchs: a reply to William Dever and Malcolm Clark. -The significance of the 'sons of God' episode (Genesis 6.1-4) in the context of the 'primaeval history (Genesis 1-11). -Narrative structure and canonical perspective in Genesis. -The ceremonial and the judicial: Biblical law as sign and symbol. -The laws of warfare in the book of deuteronomy: their origins, intent and positivity. - Dream form in Genesis 2.4b-3.24: Asleep in the garden. -Peasants in revolt: political allegory in Genesis 2-3. -Leviticus 15.18 reconsidered:: chiasm, spatial structure and the body. -Freedom or knowledge? perspective and purpos. | |
| 526 | _aSEG44 | ||
| 526 | _aSEG26 | ||
| 526 | _aP151 | ||
| 526 | _aP150 | ||
| 526 | _aP149 | ||
| 526 | _aP146 | ||
| 526 | _aP145 | ||
| 526 | _aP126 | ||
| 526 | _aP125 | ||
| 526 | _aP92 | ||
| 526 | _aP75 | ||
| 526 | _aP74 | ||
| 526 | _aP27 | ||
| 526 | _aP15 | ||
| 630 |
_aBiblia. _pA.T. _pPentateuco _xComentarios. |
||
| 700 | 1 |
_aRogerson, John W., _eed. |
|
| 942 |
_2ddc _cBOOK |
||
| 949 |
_aRC 221.077 BS 39 _wDEWEY _c1 _i45509 _lRC _mBUL _r0 _sY _tBOOK _u2015-6-24 _xTEOLOGIA _PP35 _0COMPRA _o.CIRCNOTE. No olvidar cambiar la fecha de devolución!!!!!!! _o.STAFF. Colección General |
||
| 994 |
_aC0 _bPEPRU |
||
| 596 | _a1 | ||
| 999 |
_aRC 221.077 BS 39 _wDEWEY _c22371 _i45509 _d22371 _e2018-10-30 _f2021-11-8 _g6 _lCCODEBUL1 _mBUL _n1 _r1 _sY _tBOOK _u2015-6-24 _xTEOLOGIA _PP35 _0COMPRA _o.CIRCNOTE. No olvidar cambiar la fecha de devolución!!!!!!! _o.STAFF. Colección General |
||
| 980 |
_81 _gALBERTO SANCHEZ Responsable de Automatización |
||